000 00281nam a22001217a 4500
008 180806b xxu||||| |||| 00| 0 eng d
082 _a813.52
245 _aThe Joy of Mathematics
_cBenjamin,A.T
260 _c2007
300 _a4
_fCD
440 _x9781598033106
942 _2ddc
_cMX
999 _c46813
_d46813